A little bud learns to blossom : (Record no. 80648)

MARC details
000 -LEADER
fixed length control field 00623nam a22001937a 4500
005 - DATE AND TIME OF LATEST TRANSACTION
control field 20140307154958.0
010 ## - LCCN (DPL NO)
LC control number ENG-108645
020 ## - INTERNATIONAL STANDARD BOOK NUMBER
International Standard Book Number 9788192648095
Terms of availability 150.00
035 ## - SYSTEM CONTROL NUMBER
System control number EN-92178
037 ## - SOURCE OF ACQUISITION
Source of stock number/acquisition DBAD/Author
082 ## - DEWEY DECIMAL CLASSIFICATION NUMBER
Classification number 881
100 ## - MAIN ENTRY--PERSONAL NAME
Personal name Banerjee,Trishit
245 ## - TITLE STATEMENT
Title A little bud learns to blossom :
Statement of responsibility, etc by Trishit Banerjee
Remainder of title a collection of poems /
260 ## - PUBLICATION, DISTRIBUTION, ETC. (IMPRINT)
Place of publication, distribution, etc New Delhi
Date of publication, distribution, etc 2013
Name of publisher, distributor, etc Author's Empire Publications
270 ## - ADDRESS
Address 203, 2nd Floor, Nepal Carrier Building, 21-A, Ansari Road, Darya Ganj
City New Delhi
Postal code 110002
300 ## - PHYSICAL DESCRIPTION
Extent 124p.
Dimensions 18cm(pbk)
600 ## - SUBJECT ADDED ENTRY--PERSONAL NAME
Dates associated with a name
942 ## - ADDED ENTRY ELEMENTS (KOHA)
Source of classification or shelving scheme Dewey Decimal Classification
Item type English Books
Call number suffix BAN
Classification part 881
Holdings
Withdrawn status Lost status Not for loan Collection code Home library Current library Date acquired Source of acquisition Cost, normal purchase price Full call number Barcode Copy number Cost, replacement price Koha item type
    Not For Loan Non-fiction D.B.Act.Division D.B.Act.Division 14/11/2013 DBAD/PUB 150.00 881 BAN EN-92178 1 150.00 English Books

© Delhi Public Library
Hit Counter
free hit counter